00924 2200325 4500001002100000005001500021035002500036090002100061245008600082260003000168300003000198007000300228008004100231020002200272040002200294082001400316084001600330100002600346650002100372850001200393504002900405999002100434990002100455990002100476990002000497990002000517990002000537990002100557990002000578YOGYA00000000007661720210827110131 a0010-081400000076334 aCB-D.11 2005-36600aPengantar logika informatika, algoritma, dan pemrograman komputer /cHeri Sismoro31aYogyakarta :bAndi,c2005 aviii, 96 halaman ;c21 cmta131129s2005 yoia g ind d a978-979-763-004-1 aYOPDYOGbinderda 223a005.1 a005.1 HER p0 aHeri Sismoroepenulis 4aProgram komputer aYOPDYOG aBibliografi : halaman 93 aCB-D.11/2005-366 aCB-D.11/2005-366 aCB-D.11/2005-366 a67891-PD/A.2021 a67892-PD/A.2021 a67892-PD/A.2021 aCB-D.11/2005-366 a67891-PD/A.2021